| 000 | 00377nam a2200169Ia 4500 | ||
|---|---|---|---|
| 008 | 210210b1952 xxu||||| |||| 00| 0 eng d | ||
| 041 | _aeng | ||
| 082 | _a822/901 | ||
| 100 | _aNEWMAN (B) | ||
| 245 | _aThey saved London | ||
| 260 |
_aLondon _bNot Mentioned _c1952 |
||
| 650 | _aThey | ||
| 650 | _asaved | ||
| 650 | _aLondon | ||
| 690 | _aEnglish Prose | ||
| 906 | _a013084 | ||
| 999 |
_c131919 _d131919 |
||